[Event "Regionalliga NO 9900"]
[Site "Bayern"]
[Date "2000.??.??"]
[Round "8.7"]
[White "Hein, Manfred"]
[Black "Blank, Sebastian"]
[Result "1/2-1/2"]
[WhiteElo "1985"]
[BlackElo "1940"]
[PlyCount "128"]
[EventDate "1999.??.??"]
[EventType "team-tourn"]
[EventRounds "9"]
[EventCountry "GER"]
[SourceTitle "EXT 2020"]
[Source "ChessBase"]
[SourceDate "2019.10.17"]
[SourceVersion "1"]
[SourceVersionDate "2019.10.17"]
[SourceQuality "1"]
[WhiteTeam "Gunzenhausen"]
[BlackTeam "Koetzting"]
[WhiteTeamCountry "GER"]
[BlackTeamCountry "GER"]

1. e4 e6 2. d4 d5 3. exd5 exd5 4. Bd3 Bd6 5. Ne2 Ne7 6. Bf4 Nbc6 7. c3 Bf5 8. Bb5 Bxf4 9. Bxc6+ Nxc6 10. Nxf4 Qe7+ 11. Qe2 0-0-0 12. Qxe7 Nxe7 13. Nd2 Ng6 14. Nxg6 Bxg6 15. f3 Rhe8+ 16. Kf2 Re6 17. Rhe1 Rde8 18. Rxe6 Rxe6 19. Re1 Kd7 20. Rxe6 Kxe6 21. Ke3 Bc2 22. Kf4 f6 23. h4 h6 24. Nf1 g5+ 25. Kg4 Bg6 26. hxg5 fxg5 27. Ne3 c6 28. f4 Kf6 29. fxg5+ hxg5 30. g3 Bf7 31. b4 Be6+ 32. Kf3 b6 33. a4 Ke7 34. Ke2 Kd6 35. Nf1 c5 36. Kd2 a5 37. b5 Bf5 38. Nh2 cxd4 39. cxd4 Be4 40. Ng4 Ke6 41. Ne5 Bb1 42. Kc1 Bh7 43. Kd2 Be4 44. Nc6 Bg6 45. Ne5 Be8 46. Ke3 Bh5 47. g4 Be8 48. Kd3 Kd6 49. Ke3 Ke7 50. Kf3 Ke6 51. Kg3 Kf6 52. Kf2 Ke6 53. Ke1 Kf6 54. Kd2 Ke6 55. Nf3 Kf6 56. Kc3 Bd7 57. Ne5 Be8 58. Kd3 Ke6 59. Ke3 Kf6 60. Kf3 Ke6 61. Ke3 Kf6 62. Kd2 Ke6 63. Nd3 Bg6 64. Ne5 Be8 1/2-1/2

[Event "Regionalliga NO 9900"]
[Site "Bayern"]
[Date "1999.??.??"]
[Round "1.6"]
[White "Blank, Sebastian"]
[Black "Blunk, Dieter"]
[Result "1/2-1/2"]
[WhiteElo "1935"]
[BlackElo "1935"]
[PlyCount "94"]
[EventDate "1999.??.??"]
[EventType "team-tourn"]
[EventRounds "9"]
[EventCountry "GER"]
[SourceTitle "EXT 2020"]
[Source "ChessBase"]
[SourceDate "2019.10.17"]
[SourceVersion "1"]
[SourceVersionDate "2019.10.17"]
[SourceQuality "1"]
[WhiteTeam "Koetzting"]
[BlackTeam "Nuernberg Grundig SC"]
[WhiteTeamCountry "GER"]
[BlackTeamCountry "GER"]

1. d4 d5 2. Nf3 Nf6 3. c4 c6 4. cxd5 cxd5 5. Nc3 Nc6 6. Bf4 Ne4 7. Rc1 e6 8. a3 Bd7 9. e3 Bd6 10. Bxd6 Nxd6 11. Bd3 f5 12. 0-0 0-0 13. b4 Ne4 14. Ne5 Nxe5 15. dxe5 a5 16. Ne2 axb4 17. axb4 Qb6 18. Nd4 Rfc8 19. Bxe4 Rxc1 20. Qxc1 fxe4 21. Qd2 Bb5 22. Nxb5 Qxb5 23. Qc3 Qc4 24. Qd4 Ra6 25. f3 exf3 26. gxf3 Qxd4 27. exd4 Ra3 28. Kf2 Rb3 29. Rc1 Rxb4 30. Rc7 Rxd4 31. Rxb7 Rd2+ 32. Kg3 Re2 33. f4 g5 34. Re7 gxf4+ 35. Kxf4 Re4+ 36. Kg5 Rxe5+ 37. Kf6 Rf5+ 38. Kxe6 Rh5 39. Rd7 Rxh2 40. Rxd5 Rg2 41. Kf6 Rg6+ 42. Kf5 Kg7 43. Rd7+ Kh6 44. Rd1 Rg5+ 45. Kf4 Kg6 46. Ra1 h6 47. Rb1 Rf5+ 1/2-1/2

[Event "Regionalliga NO 9900"]
[Site "Bayern"]
[Date "1999.??.??"]
[Round "3.7"]
[White "Willim, Michael"]
[Black "Blank, Sebastian"]
[Result "1-0"]
[WhiteElo "1930"]
[BlackElo "1940"]
[PlyCount "81"]
[EventDate "1999.??.??"]
[EventType "team-tourn"]
[EventRounds "9"]
[EventCountry "GER"]
[SourceTitle "EXT 2020"]
[Source "ChessBase"]
[SourceDate "2019.10.17"]
[SourceVersion "1"]
[SourceVersionDate "2019.10.17"]
[SourceQuality "1"]
[WhiteTeam "Schwabach"]
[BlackTeam "Koetzting"]
[WhiteTeamCountry "GER"]
[BlackTeamCountry "GER"]

1. c4 g6 2. g3 Bg7 3. Bg2 Nh6 4. Nc3 c5 5. a3 Nc6 6. Rb1 a5 7. d3 Nf5 8. Nf3 e6 9. Bg5 Bf6 10. h4 d6 11. Ne4 Be7 12. Bxe7 Qxe7 13. h5 Ncd4 14. hxg6 fxg6 15. e3 Nxf3+ 16. Bxf3 Bd7 17. Qd2 Bc6 18. Qc3 Rf8 19. Bg2 h5 20. b4 axb4 21. axb4 cxb4 22. Qxb4 Ra4 23. Qb3 d5 24. Nc3 Ra3 25. Qb2 Ra5 26. cxd5 exd5 27. 0-0 h4 28. e4 dxe4 29. Nxe4 Rb5 30. Qa1 Rxb1 31. Rxb1 hxg3 32. Re1 Kd7 33. Nxg3 Qf6 34. Bxc6+ Kxc6 35. Qc1+ Kd7 36. Ne4 Qc6 37. Qf4 Rf7 38. Rc1 Qb6 39. Qe5 Nd6 40. Nc5+ Kc8 41. Na4+ 1-0

[Event "Regionalliga NO 9697"]
[Site "Bayern"]
[Date "1997.??.??"]
[Round "?"]
[White "Blank, Sebastian"]
[Black "Wittmann, Karl"]
[Result "0-1"]
[WhiteElo "1965"]
[BlackElo "2200"]
[PlyCount "78"]
[EventDate "1996.10.??"]
[EventType "team-tourn"]
[EventRounds "9"]
[EventCountry "GER"]
[SourceTitle "EXT 1999"]
[Source "ChessBase"]
[SourceDate "1998.11.16"]
[SourceVersion "1"]
[SourceVersionDate "1998.11.16"]
[SourceQuality "1"]
[WhiteTeam "Koetzting"]
[BlackTeam "Schwanstetten"]
[WhiteTeamCountry "GER"]
[BlackTeamCountry "GER"]

1. d4 Nf6 2. Nf3 g6 3. Bg5 Ne4 4. Bf4 Bg7 5. Nbd2 d5 6. e3 0-0 7. Bd3 f5 8. 0-0 b6 9. c4 Ba6 10. Qc2 c6 11. Rac1 Nd7 12. b4 Nxd2 13. Qxd2 Kh8 14. Ng5 e5 15. dxe5 Qe7 16. e6 Ne5 17. b5 Nxd3 18. Qxd3 dxc4 19. Qd6 Qxd6 20. Bxd6 cxb5 21. e7 Rfe8 22. Ne6 Bf6 23. Nc7 Bb7 24. Nxa8 Bxa8 25. Rfd1 Be4 26. Be5 Bxe5 27. Rd8 Bc6 28. f4 Bc7 29. Rxe8+ Bxe8 30. Rd1 Kg7 31. Kf2 Kf7 32. Rd8 Kxe7 33. Rd4 Bc6 34. h3 Bd6 35. g4 Bc5 36. Rd1 c3 37. gxf5 gxf5 38. Rg1 c2 39. Ke2 Ba3 0-1

[Event "Regionalliga NO 9697"]
[Site "Bayern"]
[Date "1997.??.??"]
[Round "?"]
[White "Wiesgickl, Gerhard"]
[Black "Blank, Sebastian"]
[Result "0-1"]
[WhiteElo "1840"]
[BlackElo "1965"]
[PlyCount "116"]
[EventDate "1996.10.??"]
[EventType "team-tourn"]
[EventRounds "9"]
[EventCountry "GER"]
[SourceTitle "EXT 1999"]
[Source "ChessBase"]
[SourceDate "1998.11.16"]
[SourceVersion "1"]
[SourceVersionDate "1998.11.16"]
[SourceQuality "1"]
[WhiteTeam "Amberg SG Siemens"]
[BlackTeam "Koetzting"]
[WhiteTeamCountry "GER"]
[BlackTeamCountry "GER"]

1. e4 e6 2. Nf3 c5 3. e5 Nc6 4. b3 d5 5. exd6 Bxd6 6. Bb2 Nf6 7. Bb5 Bd7 8. 0-0 0-0 9. d4 Nxd4 10. Nxd4 cxd4 11. Bxd7 Qxd7 12. Qxd4 Rfd8 13. Qh4 e5 14. Rd1 Qf5 15. Nd2 Bb4 16. Qxb4 Ng4 17. Ne4 Qf4 18. g3 Qf3 19. Qe1 f5 20. Ng5 Qc6 21. Rxd8+ Rxd8 22. Rd1 Re8 23. Qd2 h6 24. Nh3 Kh7 25. c4 Qg6 26. Qd7 f4 27. Qd3 e4 28. Qd4 fxg3 29. hxg3 Ne5 30. Kg2 Nf3 31. Qxg7+ Qxg7 32. Bxg7 Kxg7 33. Rd7+ Kf6 34. Rxb7 Ne1+ 35. Kf1 Nc2 36. Rxa7 e3 37. fxe3 Nxe3+ 38. Kg1 Kf5 39. Ra5+ Kg4 40. Nf2+ Kxg3 41. Rh5 Nf5 42. Rh3+ Kf4 43. Nd3+ Kg4 44. Rh2 Re3 45. Rg2+ Ng3 46. Nf2+ Kf3 47. Kh2 Nf1+ 48. Kh3 Re5 49. Rg4 Kxf2 50. Rf4+ Ke2 51. b4 Nd2 52. c5 Ke3 53. Rf6 Rh5+ 54. Kg4 Rg5+ 55. Kh3 Nf3 56. c6 Kf2 57. Rxf3+ Kxf3 58. Kh4 Rg4+ 0-1

[Event "Regionalliga NO 9697"]
[Site "Bayern"]
[Date "1996.??.??"]
[Round "?"]
[White "Boca, Harald"]
[Black "Blank, Sebastian"]
[Result "1-0"]
[WhiteElo "1950"]
[BlackElo "1965"]
[PlyCount "55"]
[EventDate "1996.10.??"]
[EventType "team-tourn"]
[EventRounds "9"]
[EventCountry "GER"]
[SourceTitle "EXT 1999"]
[Source "ChessBase"]
[SourceDate "1998.11.16"]
[SourceVersion "1"]
[SourceVersionDate "1998.11.16"]
[SourceQuality "1"]
[WhiteTeam "Regensburg Fortuna II"]
[BlackTeam "Koetzting"]
[WhiteTeamCountry "GER"]
[BlackTeamCountry "GER"]

1. d4 Nf6 2. c4 c5 3. d5 d6 4. Nc3 g6 5. e4 Bg7 6. f4 e6 7. Nf3 0-0 8. Be2 exd5 9. exd5 Re8 10. 0-0 Bg4 11. Bd3 Na6 12. h3 Bxf3 13. Qxf3 Nb4 14. Bb1 Rb8 15. a3 Na6 16. Bd3 Nc7 17. Bd2 a6 18. a4 Qd7 19. f5 b5 20. axb5 axb5 21. cxb5 Nxb5 22. Nxb5 Rxb5 23. Bxb5 Qxb5 24. Bc3 Ne4 25. Bxg7 Kxg7 26. fxg6 f6 27. Rae1 Qxb2 28. Rxe4 1-0

[Event "Regionalliga NO 9697"]
[Site "Bayern"]
[Date "1996.??.??"]
[Round "?"]
[White "Stuermer, Martin"]
[Black "Blank, Sebastian"]
[Result "0-1"]
[WhiteElo "1890"]
[BlackElo "1965"]
[PlyCount "102"]
[EventDate "1996.10.??"]
[EventType "team-tourn"]
[EventRounds "9"]
[EventCountry "GER"]
[SourceTitle "EXT 1999"]
[Source "ChessBase"]
[SourceDate "1998.11.16"]
[SourceVersion "1"]
[SourceVersionDate "1998.11.16"]
[SourceQuality "1"]
[WhiteTeam "Postbauer"]
[BlackTeam "Koetzting"]
[WhiteTeamCountry "GER"]
[BlackTeamCountry "GER"]

1. Nf3 Nf6 2. c4 g6 3. b3 Bg7 4. Bb2 0-0 5. e3 c5 6. Be2 Nc6 7. 0-0 d6 8. d4 Bf5 9. Nc3 cxd4 10. exd4 Ne4 11. Nxe4 Bxe4 12. Qd2 Qb6 13. d5 Bxf3 14. Bxf3 Bxb2 15. Qxb2 Ne5 16. Be2 a5 17. a4 Rac8 18. Qd2 f5 19. Bd1 f4 20. Re1 f3 21. Qe3 Qxe3 22. Rxe3 fxg2 23. Kxg2 Rf4 24. Be2 Rcf8 25. f3 b6 26. Kg3 g5 27. h3 R8f6 28. Re4 Kf7 29. Re1 Rxe4 30. fxe4 Rf4 31. Bd1 Kf6 32. Re3 Nd7 33. Bg4 Nc5 34. Bf5 h6 35. Bh7 Ke5 36. Re2 Kd4 37. e5 dxe5 38. Bc2 e4 39. Rd2+ Ke5 40. Bd1 e3 41. Rb2 Ne4+ 42. Kg2 Rf2+ 43. Rxf2 Nxf2 44. Be2 Kd4 45. Bf1 Ne4 46. Be2 Nd2 47. Bd1 Kd3 48. b4 Nxc4 49. bxa5 bxa5 50. Kg3 Ne5 51. Bh5 Kd2 0-1